| 000 | 00393nam a22001457a 4500 | ||
|---|---|---|---|
| 005 | 20190910154051.0 | ||
| 008 | 190910b xxu||||| |||| 00| 0 eng d | ||
| 020 | _a81-256-0092-2 | ||
| 041 | _aeng | ||
| 100 |
_aSIDDIQUI, DR. ANEES AHMAD AND SIDDIQUI, SANJEEV KUMAR _95071 |
||
| 245 | _aBIOCHEMISTRY AND CLINICAL PATHOLOGY | ||
| 260 |
_aTARA PUBLISHERS _bDELHI |
||
| 300 | _a154p, | ||
| 942 | _cBK | ||
| 999 |
_c5976 _d5974 |
||